000 00764nam a2200205Ii 4500
003 JO-AjNU
008 230605s9999||||xx |||||||||||||| ||und||
040 _aJO-AjNU
_bara
_erda
_cJO-AjNU
041 _aara
050 1 4 _aBP144 1988
100 3 _aاعداد: أبو شيخة، فايز موسى,
_eauthor
_913663
245 0 0 _aنور على الدرب : فتاوى فضيلة الشيخ محمد بن صالح العثيمين
250 _aط1
264 3 1 _aالمدينة المنورة: مكتبة التسجيلات لابن القيم، 1988
300 _a132ص
336 _atext
_btxt
_2rdacontent
337 _aunmediated
_bn
_2rdamedia
338 _avolume
_bnc
_2rdacarrier
650 4 _aالفقه الاسلامي- الاحكام الشرعية
_913664
999 _aA3460
_c7028
_d7028